000 00425nam a2200181Ia 4500
001 15766
005 20260306170220.0
008 260306t2013||||xx |||||||||||||| ||und||
041 _aESP
082 _a620
_bW92
100 _aWright, Paul H.
_eAUT
245 0 _aIntroducción a la ingeniería
260 _c2013
300 _axi, 297 páginas :
_c23 cm.
650 _aGEN
654 _aCII
942 _cLIB
_dJUS
_fJUS
_2ddc
_n
999 _c15766
_d15766